Statistics for K League Champions

Click here to take the quiz!

General Stats

  • This quiz has been taken 16 times
  • The average score is 37 of 41

Answer Stats

HintAnswer% Correct
2016 (6)FC Seoul
100%
2012 (5)FC Seoul
100%
2010 (4)FC Seoul
100%
1990 (2)Lucky-Goldstar Hwangso
100%
1985 (1)Lucky-Goldstar Hwangso
100%
2023 (4)Ulsan Hyundai
100%
2022 (3)Ulsan Hyundai
100%
1996 (1)Ulsan Hyundai Horang-i
100%
2005 (2)Ulsan Hyundai Horang-i
100%
2020 (8)Jeonbuk Hyundai Motors
92%
2015 (4)Jeonbuk Hyundai Motors
92%
2014 (3)Jeonbuk Hyundai Motors
92%
2011 (2)Jeonbuk Hyundai Motors
92%
2009 (1)Jeonbuk Hyundai Motors
92%
2018 (6)Jeonbuk Hyundai Motors
92%
2019 (7)Jeonbuk Hyundai Motors
92%
2021 (9)Jeonbuk Hyundai Motors
92%
2017 (5)Jeonbuk Hyundai Motors
92%
2007 (4)Pohang Steelers
92%
2013 (5)Pohang Steelers
92%
1992 (3)POSCO Atoms
92%
1988 (2)POSCO Atoms
92%
1986 (1)POSCO Atoms
92%
1999 (2)Suwon Samsung Bluewings
92%
2008 (4)Suwon Samsung Bluewings
92%
1998 (1)Suwon Samsung Bluewings
92%
2004 (3)Suwon Samsung Bluewings
92%
1997 (4)Busan Daewoo Royals
83%
1987 (2)Daewoo Royals
83%
1991 (3)Daewoo Royals
83%
1984 (1)Daewoo Royals
83%
1995 (3)Ilhwa Chunma
83%
1994 (2)Ilhwa Chunma
83%
1993 (1)Ilhwa Chunma
83%
2003 (6)Seongnam Ilhwa Chunma
83%
2006 (7)Seongnam Ilhwa Chunma
83%
2002 (5)Seongnam Ilhwa Chunma
83%
2001 (4)Seongnam Ilhwa Chunma
83%
1989 (1)Yukong Elephants
83%
2000 (3)Anyang LG Cheetahs
75%
1983 (1*)Hallelujah FC
50%

Score Distribution

Percentile by Number Answered

Percent of People with Each Score

Your Score History

You have not taken this quiz